Devinez l'artiste avec sa musique la plus écoutée (Spotify) - Rock - Statistiques

Statistiques générales
  • Ce quiz a été pris 46 fois
  • Le résultat moyen est 8 sur 20
Statistiques - réponses
Hint Réponse % Correct
Bohemian Rapsody Queen
95%
Smells Like Teen Spirit Nirvana
83%
Wonderwall Oasis
76%
With Or Without You U2
69%
Creep Radiohead
64%
Californication Red Hot Chili Peppers
64%
In The End Linkin Park
57%
Yellow Coldplay
50%
Bring Me To Life Evanescence
50%
Wind Of Change Scorpions
40%
Livin' On A Prayer Bon Jovi
36%
Supermassive Black Hole Muse
33%
I Wanna Be Yours Arctic Monkeys
24%
Dreams Fleetwood Mac
14%
Everlong Foo Fighters
14%
There Is A Light That Never Goes Out The Smiths
14%
Pour Some Sugar On Me Def Leppard
12%
Every You Every Me Placebo
12%
Last Nite The Strokes
10%
Evil Interpol
2%
Aucun quiz correspondant
Distribution des résultats
% des personnes avec chaque résultat
Percentile par nombre de réponses
Votre historique - résultats
Vous n’avez pas pris ce quiz